00560pam a2200181 a 4500020001500000082002900015100002300044245007700067250001200144260005500156300004400211500002000255526003700275650001400312650002400326650000800350700002000358 a020116290300a515.15bTHOcL-25 , P-301 aThomas, George B.,10aCalculus and analytic geometry /cGeorge B. Thomas, Jr., Ross L. Finney. a6th ed. aReading, Mass. :bAddison-Wesley Pub. Co.,cc1984. axxiii, 1041, [100] p. :bill. ;c26 cm. aIncludes index. a0b0c0d515_150000000000000_THO 0aCalculus. 0aGeometry, Analytic. 0aMCE1 aFinney, Ross L.